部首为雨的常见中文汉字 Common Chinese characters with the radical “Rain” - Statistics

General Stats
  • This quiz has been taken 40 times
  • The average score is 18 of 30
Answer Stats
拼音首字母 笔画数 汉字 % Correct
x 11
94%
w 13
92%
l 13
89%
m 22
83%
y 8
83%
b 13
81%
s 17
78%
l 21
75%
l 16
69%
a 19
64%
j 14
64%
x 15
64%
x 17
64%
l 12
61%
p 21
61%
f 16
56%
x 20
56%
b 21
53%
l 13
50%
z 15
50%
n 16
47%
m 15
42%
w 12
42%
y 11
42%
h 16
39%
t 14
39%
x 14
39%
s 16
36%
p 15
33%
y 19
22%
No matching quizzes found
Score Distribution
Percent of People with Each Score
Percentile by Number Answered
Your Score History
You have not taken this quiz